000 01312nam a2200241 a 4500
999 _c447292
_d447292
003 BLK
005 20230727123820.0
008 220302b bu |||||r|||| 00| | bu d
040 _aBLK
041 _aBUL
_cBUL
080 _aСелскостопански предприятия според формата на земевладение, според правото на собственост, според методите на управлението - частни стопанства,колективни,колхози,совхози,държавни колективни стопанства
_b631.115
_x(497.215)(062)
_z631.115(497.215)(062)
100 _9330494
_aБотев, Пеньо
_eпърви автор
139 _aБотев, Пеньо
_bБ 69
245 _aДвадесет години по избрания верен път
_bПо случай 20 - годишния юбилей на ТКЗС "Георги Димитров" с. Ново село , Русенско
_cПеньо Ботев
_h[Малотир. изд.]
260 _9441842
_aРусе
_c1965
300 _a52 с.
_bс табл.
_c21 см
380 _a63
651 7 _9179286
_aНово село
653 7 _9198375
_aТКЗС
852 _bК
_cК 63/Б 69
942 _cKNG
_n0
_s1
_01
944 _aCR
_c2022-03-07
_k30556
_lТеодора Пейчева-Дянкова